书目信息 |
| 题名: |
洞察男性心理的奥秘
|
|
| 作者: | 岛田一男 著 ;汉金 编译 | |
| 分册: | ||
| 出版信息: | 北京 红旗出版社 1988.9 |
|
| 页数: | 109页 | |
| 开本: | 19cm | |
| 丛书名: | 生活哲理丛书 | |
| 单 册: | ||
| 中图分类: | C912.69 | |
| 科图分类: | 59.889 | |
| 主题词: | 男性-心理特征 , 心理特征-男性 | |
| 电子资源: | ||
| ISBN: | 7-5051-0050-5 | |
| 000 | 01017nam2 2200301 45 | |
| 001 | 1531351574 | |
| 005 | 20150130084257.64 | |
| 010 | @a7-5051-0050-5@dCNY1.50 | |
| 020 | @aCN@b89011535 | |
| 100 | @a19910105d1988 m y0chiy0120 ea | |
| 101 | 1 | @achi@cjpn |
| 102 | @aCN@b110000 | |
| 105 | @ay z 000yy | |
| 200 | 10 | @a洞察男性心理的奥秘@Adong cha nan xing xin li de ao mi@f(日)岛田一男著@F( ri ) dao tian yi nan zhu@g汉 金编译 |
| 210 | @a北京@c红旗出版社@d1988.9 | |
| 215 | @a109页@d19cm | |
| 225 | 2 | @a生活哲理丛书 |
| 330 | @a本书作者从女性的立场出发,透过经济、文化、伦理、道德等诸层面,剖析了现代日本社会男性的众生相,并获得了多种类型结论。 | |
| 410 | 0 | @120010@a生活哲理丛书 |
| 540 | 1 | @a洞察 男性 心理 奥秘@Adong cha nan xing xin li ao mi |
| 606 | @a男性-心理特征 | |
| 606 | @a心理特征-男性 | |
| 690 | @aC912.69@v1980 | |
| 692 | @a59.889@v1974 | |
| 701 | 0 | @a岛田一男@Adao tian yi nan@4著 |
| 702 | 0 | @a汉金@Ahan jin@4编译 |
| 801 | 0 | @aCN@bTSSF@c20150130 |
| 905 | @aZUCC@dC912.69@eJY3 | |
| 洞察男性心理的奥秘/(日)岛田一男著/汉 金编译.-北京:红旗出版社,1988.9 |
| 109页;19cm.-(生活哲理丛书) |
| ISBN 7-5051-0050-5:CNY1.50 |
| 本书作者从女性的立场出发,透过经济、文化、伦理、道德等诸层面,剖析了现代日本社会男性的众生相,并获得了多种类型结论。 |
| ● |
| 相关链接 |
|
|
|
|
正题名:洞察男性心理的奥秘
索取号:C912.69/JY3
 
预约/预借
| 序号 | 登录号 | 条形码 | 馆藏地/架位号 | 状态 | 备注 |
| 1 | 7847091 | 278470913 | 学院路分馆/ [索取号:C912.69/JY3] | 在馆 | |
| 2 | 7847092 | 278470922 | 学院路分馆/ [索取号:C912.69/JY3] | 在馆 |